000 00348nam a2200157Ia 4500
003 Ost
005 20260225132541.0
008 260225s9999||||xx |||||||||||||| ||und||
040 _cfsic
041 _afre
082 _a302.23
100 _aJeanziegler
_eAuteur
245 0 _aLes seigneures du crime /
245 0 _cJeanziegler
942 _cكتاب
999 _c33524
_d33524